| 000 | 00963 a2200157 4500 | ||
|---|---|---|---|
| 003 | NUST | ||
| 005 | 20221205182812.0 | ||
| 040 | _cNust | ||
| 082 | _a153,HAN | ||
| 100 |
_aW.K.Estes _9104169 |
||
| 245 |
_ahandbook of learning and cognitive Processes : _bVolume-5 human information processing / _cEdited by W.K.Estes |
||
| 260 |
_alondon _bJohn wiley _c1978 |
||
| 300 | _ax,334 p .: | ||
| 505 | _aThe Information Processing Approach to Cognition A Confluence of Metaphors and Methods (Page-1), Elementary Information Processes (Page-19), Visual Processing and Short Term Memory (Page-91), Chronometric Analysis of Abstraction and Recognition (Page-143), Cognitive Processes that Resemble Perceptual Processes (Page-189), Natures of Problems Solving Abilities (Page-239), Information Processing theory of Human Problem Solving (Page-271), Applications of Learning Models and Optimization theory to Problems of Instructions (Page-297). | ||
| 942 |
_2ddc _cBK _k153,HAN |
||
| 999 |
_c193781 _d193781 |
||